000 01363cam a22003497a 4500
003 CHAP
005 20220329135607.0
008 971013s1962 mx a r 00010 spa d
010 _a39022
011 _a39994
035 _a44119
040 _cCHAP
082 _a631.7
_bE86
100 1 _aEspinosa Vicente, Enrique.
_938006
245 1 4 _aLos distritos de riego, su administración, operación y conservación
260 _aMéxico, D. F. :
_bEd. Continental,
_c1962
300 _a623 p. :
_bilus.
590 _aBATCH-UPD
_b10
_c20130110
_lUCH01
_h1108
590 _aBATCH-UPD
_b10
_c20130410
_lUCH01
_h0700
590 _aBATCH-UPD
_b10
_c20130914
_lUCH01
_h1655
590 _aCONVERSION
_b10
_c20130109
_lUCH01
_h1322
650 1 4 _aIrrigación.
_960366
901 _aBK
942 _cLIBRO
949 _a631.7 E86
_bBC
_cLIBRO
_d-100982
_eLIBRO
_fc.2
_h21828
_i44119
_si
949 _a631.7 E86
_bBC
_cLIBRO
_d-100985
_eLIBRO
_fc.3
_h27551
_i44119
_si
949 _a631.7 E86
_bBC
_cLIBRO
_d33724000166377
_eLIBRO
_h21827
_i44119
_si
949 _a631.7 E86
_bBC
_cLIBRO
_d33724000166385
_eLIBRO
_fc.4
_h77247
_i44119
_si
949 _a631.7 E86
_bBC
_cLIBRO
_d33724000166393
_eLIBRO
_fc.5
_h77248
_i44119
_si
949 _a631.7 E86
_bBC
_cLIBRO
_d33724002234446
_eLIBRO
_fc.6
_gDonaciØn
_h114589
_i44119
_sb
949 _a631.7 E86
_bBC
_cLIBRO
_d33724002253587
_eLIBRO
_fc.7
_gDonaciØn
_h114997
_i44119
_si
999 _c39022
_d39022